000 00575nam a2200217Ia 4500
005 20250923144749.0
008 008 250917s9999 xx 000 0 eng d
037 _aTextual
040 _aDSWL
_beng
_cDSWL
041 _aeng
_2eng
084 _qDSWL
100 _aBharati, Swami Agchananda
_9828170
245 4 _aThe ochre role
_cby Swami Agchananda Bharati
260 _aLondon
_bGeorgeAllen & Unwin
_c1961
300 _a296p.
365 _aINR
_b25
700 _aAgchananda
_9828171
925 _g25
942 _cTEXL
999 _c1443049
_d1443049